000 00491nam a2200169Ia 4500
008 240729s9999 xx 000 0 und d
022 _a1849-4544
245 0 _aJournal of Circulating Biomarkers
260 _aItaly
260 _bAboutScience Srl
650 _a Internal medicine
650 _a Neoplasms. Tumors. Oncology. Including cancer and carcinogens
650 _aMedicine
856 _uhttps://doaj.org/toc/a7c0931c7fc541f48dd1d2526915bdeb
942 _2ddc
942 _cDOAJEJ
999 _c65593
_d65593
945 _a1
_bMadushi Gamage
_c1
_dMadushi Gamage